[Event "AUTO-OPEN-1118"]
[Site "http://www.queenalice.com/game.php?id=397350"]
[Date "2008.5.3"]
[Round "1"]
[White "MCMLXXXI"]
[Black "Tiia"]
[Result "1-0"]
[WhiteElo "1888"]
[BlackElo "1863"]

1. e4 e5 2. Nf3 Nc6 3. Bb5 d6 4. d4 Bd7 5. Nc3 exd4 6. Nxd4 Ne5 7. O-O Be7 8.
Nd5 Bxb5 9. Nxb5 Rc8 10. Nxa7 Ra8 11. Be3 Nf6 12. Nb5 Nxd5 13. exd5 O-O 14. Na3
c5 15. f4 Nd7 16. c4 f5 17. Nb5 Nf6 18. Bd2 Ne4 19. Be1 Bf6 20. Qc2 Qe7 21. a4
b6 22. Ra2 Rfe8 23. b3 h5 24. Qd3 h4 25. h3 Qd7 26. Kh2 Re7 27. Rc2 Qe8 28. Qd1
Qg6 29. Qf3 Kf7 30. Rg1 Rae8 31. g4 hxg3+ 32. Bxg3 Qh6 33. Rcg2 Nxg3 34. Nxd6+
Kf8 35. Nxe8 Bd4 36. Qxg3 Bxg1+ 37. Kxg1 Rxe8 38. d6 Rd8 39. Qg6 Qxg6 40. Rxg6
Kf7 41. Rg5 Kf6 42. h4 Rxd6 43. h5 Rd3 44. Rg6+ Kf7 45. Rxb6 Rh3 46. a5 Rxh5 47.
a6 Rh8 48. a7 Ra8 49. Rb7+ Kg6 50. Kg2 Kh6 51. Kg3 Kg6 52. Rc7 Kh6 53. Kh4 Kg6
54. Rc6+ Kh7 55. Rxc5 1-0

[Event "AUTO-OPEN-1118"]
[Site "http://www.queenalice.com/game.php?id=397351"]
[Date "2008.5.3"]
[Round "1"]
[White "Tiia"]
[Black "MCMLXXXI"]
[Result "1-0"]
[WhiteElo "1867"]
[BlackElo "1853"]

1. d4 d5 2. c4 e6 3. Nf3 Nf6 4. Bg5 Nbd7 5. e3 c6 6. Bd3 Be7 7. O-O h6 8. Bh4 g5
9. Bg3 Nh5 10. Ne5 Nxg3 11. Nxf7 Kxf7 12. fxg3+ Bf6 13. cxd5 cxd5 14. Nc3 Kg7
15. Bc2 Nf8 16. g4 Bd7 17. e4 Bc6 18. e5 Be7 19. Qf3 Qe8 20. Ne2 Bb5 21. Ng3
Bxf1 22. Nh5+ Kg8 23. Rxf1 Ng6 24. Nf6+ Bxf6 25. Qxf6 Nf4 26. g3 Ne2+ 27. Kg2
Nxd4 28. Bg6 Qf8 29. Bf7+ 1-0

[Event "AUTO-OPEN-1118"]
[Site "http://www.queenalice.com/game.php?id=397376"]
[Date "2008.5.3"]
[Round "1"]
[White "Ikki_de_Fenix"]
[Black "Tiia"]
[Result "1-0"]
[WhiteElo "2290"]
[BlackElo "1817"]

1. d4 d5 2. c4 c6 3. Bf4 Nd7 4. cxd5 Qa5+ 5. Nc3 cxd5 6. e3 e6 7. a3 Ngf6 8. b4
Bxb4 9. axb4 Qxb4 10. Rc1 Ne4 11. Ne2 b6 12. Qa4 Qxa4 13. Nxa4 Ba6 14. f3 Nef6
15. Bd6 Bc4 16. Nb2 Rc8 17. e4 b5 18. e5 Ng8 19. Ra1 Ra8 20. Nxc4 bxc4 21. Nc3
a6 22. Nb5 Kd8 23. Nc7 Ra7 24. Nxa6 Ne7 25. Bb4 Nc6 26. Bc3 Ke7 27. Kf2 f6 28.
Nb4 Na5 29. Rxa5 Rxa5 30. Nc6+ Kf7 31. Bxa5 Rc8 32. Nd8+ Ke7 33. exf6+ gxf6 34.
Nb7 e5 35. Bc3 Rc7 36. Bb4+ Ke6 37. Nd8+ Kf5 38. g3 exd4 39. Bh3+ Kg6 40. Ne6 d3
41. Nxc7 1-0

[Event "AUTO-OPEN-1118"]
[Site "http://www.queenalice.com/game.php?id=397377"]
[Date "2008.5.3"]
[Round "1"]
[White "Tiia"]
[Black "Ikki_de_Fenix"]
[Result "0-1"]
[WhiteElo "1817"]
[BlackElo "2292"]

1. d4 Nf6 2. c4 e6 3. Bg5 Bb4+ 4. Nc3 O-O 5. e3 h6 6. Bxf6 Qxf6 7. Bd3 e5 8. Ne2
exd4 9. Nxd4 Bxc3+ 10. bxc3 Na6 11. O-O Nc5 12. Bb1 d6 13. Qc2 g6 14. h3 Bd7 15.
e4 Qg5 16. f4 Qg3 17. Qf2 Qxc3 18. Nc2 Nxe4 19. Qd4 Qxd4+ 20. Nxd4 Nd2 21. Rc1
Nxb1 22. Raxb1 b6 23. Nb5 Rfc8 24. Rb2 Kg7 25. Nc3 Be6 26. Nb5 a6 27. Nd4 Bd7
28. Re2 Re8 29. Rce1 Rxe2 30. Rxe2 Re8 31. Kf2 Rxe2+ 32. Kxe2 b5 33. cxb5 axb5
34. a3 c5 35. Nb3 Kf6 36. Kd2 Kf5 37. Ke3 Ke6 38. g4 Kd5 0-1

[Event "AUTO-OPEN-1118"]
[Site "http://www.queenalice.com/game.php?id=397392"]
[Date "2008.5.3"]
[Round "1"]
[White "AnderBob"]
[Black "Tiia"]
[Result "1-0"]
[WhiteElo "1695"]
[BlackElo "1924"]

1. e4 e5 2. Nc3 a6 3. Bc4 Nf6 4. Nf3 d6 5. d4 exd4 6. Nxd4 Qe7 7. Bg5 g6 8. Nd5
Qxe4+ 9. Qe2 Qxe2+ 10. Nxe2 Nxd5 11. Bxd5 c6 12. Bb3 Bg7 13. O-O-O d5 14. Rhe1
O-O 15. Nf4 Bf5 16. Re7 Nd7 17. Rde1 h6 18. Bh4 g5 19. Nxd5 cxd5 20. Bg3 Rac8
21. Bxd5 Rxc2+ 22. Kd1 Rxb2 23. Re8 Bc2+ 24. Kc1 Nc5 25. Rxf8+ Kxf8 26. Bd6+ Kg8
27. Re8+ Kh7 28. Bxc5 Ba4 29. Be4+ 1-0

[Event "AUTO-OPEN-1118"]
[Site "http://www.queenalice.com/game.php?id=397393"]
[Date "2008.5.3"]
[Round "1"]
[White "Tiia"]
[Black "AnderBob"]
[Result "1-0"]
[WhiteElo "1847"]
[BlackElo "1705"]

1. d4 Nf6 2. c4 e6 3. Nf3 b6 4. Nc3 Bb4 5. Bg5 Bb7 6. e3 O-O 7. Be2 c5 8. O-O
cxd4 9. Nxd4 Nc6 10. Bxf6 Qxf6 11. Ne4 Qh6 12. h3 Ne5 13. Ng3 Bd6 14. Nf3 Rac8
15. Qxd6 Nxc4 16. Bxc4 Rxc4 17. Qd3 Rfc8 18. Ne5 Rc2 19. Qxd7 R2c7 20. Qd4 Rc5
21. Nxf7 Kxf7 22. Qd7+ Kg6 23. Qxe6+ Kg5 24. f4+ Kh4 25. Qg4# 1-0

[Event "Let's Play Chess!"]
[Site "http://www.queenalice.com/game.php?id=400467"]
[Date "2008.5.9"]
[Round "-"]
[White "MartinLouisSelby"]
[Black "Tiia"]
[Result "0-1"]
[WhiteElo "1615"]
[BlackElo "1807"]

1. e4 e5 2. Bc4 Nf6 3. Nc3 c6 4. Nf3 Qc7 5. d4 Bb4 6. Nxe5 d5 7. exd5 cxd5 8.
Bb3 Bxc3+ 9. bxc3 Qxc3+ 10. Bd2 Qxd4 11. Nf3 Qe4+ 12. Be3 O-O 13. O-O Bg4 14.
Bc5 Bxf3 15. gxf3 Qg6+ 16. Kh1 Re8 17. Rg1 Qf5 18. c4 dxc4 19. Ba4 Nbd7 20. Bd6
a6 21. Re1 Rxe1+ 22. Qxe1 Qxf3+ 23. Kg1 b5 24. Bd1 Qc6 25. Qe7 Re8 26. Qxe8+
Nxe8 27. Bg3 Ndf6 28. Bc2 Nh5 29. Re1 Nxg3 30. fxg3 g6 31. Be4 Qc5+ 32. Kg2 Nf6
33. Bf3 Qb4 34. Rd1 Qb2+ 35. Kh1 Qxa2 36. Rd8+ Kg7 37. g4 c3 38. g5 Nh5 39. Bd5
Qd2 40. Rd6 c2 0-1

[Event "Let's Play Chess!"]
[Site "http://www.queenalice.com/game.php?id=404218"]
[Date "2008.5.17"]
[Round "-"]
[White "Tiia"]
[Black "CampbellMarcel"]
[Result "1-0"]
[WhiteElo "1842"]
[BlackElo "1426"]

1. d4 c5 2. dxc5 Qa5+ 3. Nc3 Qxc5 4. e3 d6 5. Nf3 Bg4 6. Be2 Nf6 7. Bd2 a6 8.
O-O e5 9. e4 Bxf3 10. Bxf3 Be7 11. Be3 Qc8 12. Re1 O-O 13. a4 Nc6 14. a5 Nd7 15.
Qd5 Nf6 16. Qb3 Nd7 17. Nd5 Nc5 18. Bxc5 dxc5 19. Nb6 1-0

[Event "Let's Play Chess!"]
[Site "http://www.queenalice.com/game.php?id=404219"]
[Date "2008.5.17"]
[Round "-"]
[White "CampbellMarcel"]
[Black "Tiia"]
[Result "0-1"]
[WhiteElo "1444"]
[BlackElo "1842"]

1. g4 d5 2. e3 e5 3. h4 g6 4. g5 h6 5. f4 hxg5 6. fxg5 a6 7. Bh3 Bd7 8. Nc3 Ne7
9. Bxd7+ Nxd7 10. e4 d4 11. Nce2 Bg7 12. c4 dxc3 13. Nxc3 Nc5 14. Qg4 Nd3+ 15.
Kd1 Nf2+ 0-1

[Event "565"]
[Site "http://www.queenalice.com/game.php?id=405377"]
[Date "2008.5.20"]
[Round "-"]
[White "phystutordotcom"]
[Black "Tiia"]
[Result "1-0"]
[WhiteElo "2034"]
[BlackElo "1842"]

1. Nf3 Nc6 2. d3 e5 3. e4 Be7 4. g3 d6 5. Bg2 Bg4 6. h3 Bxf3 7. Qxf3 Nd4 8. Qd1
c6 9. O-O Nf6 10. f4 Qb6 11. Kh2 O-O-O 12. c3 Ne6 13. Qe2 g6 14. Nd2 exf4 15.
gxf4 Nh5 16. Nc4 Qc7 17. a4 Bf6 18. Qg4 Kb8 19. e5 dxe5 20. fxe5 Bxe5+ 21. Nxe5
Qxe5+ 22. Kg1 f5 23. Qf3 Rhe8 24. Bd2 Nd4 25. cxd4 Qxd4+ 26. Kh1 Qxb2 27. Bf4+
Nxf4 28. Qxf4+ Kc8 29. Rab1 Qc2 30. Rfc1 1-0

[Event "566"]
[Site "http://www.queenalice.com/game.php?id=405378"]
[Date "2008.5.20"]
[Round "-"]
[White "Tiia"]
[Black "phystutordotcom"]
[Result "0-1"]
[WhiteElo "1819"]
[BlackElo "2031"]

1. d4 g6 2. e4 Bg7 3. Nf3 d6 4. c4 e5 5. dxe5 dxe5 6. Qxd8+ Kxd8 7. Be2 Nc6 8.
Be3 Nb4 9. Na3 c6 10. Bc5 Na6 11. Bd6 f6 12. Nc2 Nh6 13. c5 Nf7 14. Rd1 Bd7 15.
b4 Nc7 16. O-O Ne8 17. Bc4 Nfxd6 18. cxd6 Bf8 19. Rd2 Nxd6 20. Rfd1 Kc7 21. Bb3
Rd8 22. Re1 Be7 23. a4 Rhe8 24. Na3 Nc8 25. Rc2 Bxb4 26. Nb5+ Kb8 27. Nc3 Be6
28. Bxe6 Rxe6 29. Rb1 a5 30. Na2 c5 31. g4 g5 32. h3 Rd3 33. Kg2 b6 0-1

[Event "Let's Play Chess!"]
[Site "http://www.queenalice.com/game.php?id=411097"]
[Date "2008.5.31"]
[Round "-"]
[White "Tiia"]
[Black "alterego"]
[Result "1-0"]
[WhiteElo "1836"]
[BlackElo "1760"]

1. d4 Nf6 2. c4 e6 3. Nf3 b6 4. Bg5 Bb4+ 5. Nbd2 O-O 6. e3 d5 7. cxd5 exd5 8.
Bd3 h6 9. Bxf6 Qxf6 10. O-O Bg4 11. Qc2 Nc6 12. Rac1 Be7 13. Qxc6 Qxc6 14. Rxc6
Rac8 15. Ne5 Bh5 16. Ba6 Rcd8 17. Rxc7 Bb4 18. Nb3 Rd6 19. Rfc1 f6 20. Nc6 Kh7
21. Nxb4 f5 22. Rxa7 Rg6 23. Nxd5 Bf3 24. Nf4 Rg5 25. Nd2 Bxg2 26. Nxg2 f4 27.
Bd3+ Kh8 28. exf4 Rd5 29. Rcc7 Rxd4 30. Rxg7 Rg8 31. Rh7# 1-0

[Event "Let's Play Chess!"]
[Site "http://www.queenalice.com/game.php?id=411144"]
[Date "2008.5.31"]
[Round "-"]
[White "saraquette"]
[Black "Tiia"]
[Result "0-1"]
[WhiteElo "1728"]
[BlackElo "1834"]

1. d4 d5 2. h3 e6 3. a3 Nf6 4. Bf4 Bd6 5. Bg5 Nbd7 6. e3 c6 7. c4 dxc4 8. Bxc4
Qa5+ 9. Nc3 Qxg5 10. Qf3 O-O 11. Nge2 Nb6 12. Bd3 Nbd5 13. Nxd5 exd5 14. h4 Qg4
15. O-O-O Nh5 16. Qxg4 Bxg4 17. f3 Bd7 18. f4 Bg4 19. Rde1 b5 20. Nc3 Rab8 21.
Be2 Bxe2 22. Nxe2 f5 23. Rhg1 a5 24. g4 fxg4 25. Rxg4 Rf7 26. Ng3 Nxg3 27. Rxg3
a4 28. Kc2 b4 29. Ra1 bxa3 0-1

[Event "Challenge"]
[Site "http://www.queenalice.com/game.php?id=415755"]
[Date "2008.6.10"]
[Round "-"]
[White "vasileC"]
[Black "Tiia"]
[Result "0-1"]
[WhiteElo "1780"]
[BlackElo "1912"]

1. c4 e5 2. e4 Nf6 3. f3 Bc5 4. Ne2 d6 5. a3 a5 6. Nec3 c6 7. Ne2 Ba7 8. d4 Nbd7
9. Ng3 exd4 10. Bd3 Ne5 11. Bg5 h6 12. Bf4 O-O 13. Bxe5 dxe5 14. Nd2 b5 15. cxb5
cxb5 16. O-O Qb6 17. Kh1 Be6 18. f4 Bg4 19. Be2 Bxe2 20. Qxe2 Nd7 21. f5 Kh8 22.
Nh5 Rg8 23. Rf3 g6 24. fxg6 fxg6 25. Ng3 Bb8 26. Rf7 Qe6 27. Raf1 Rg7 28. Rxg7
Kxg7 29. Qxb5 Ra6 30. Qb7 Rb6 31. Qc8 Rc6 32. Qd8 Bc7 33. Qa8 Rc2 34. Nf3 Rxb2
35. Rc1 Qb6 36. Qe8 Qd6 37. Qa8 d3 38. Nf1 Nf6 39. N1d2 Rc2 40. Rb1 Qc5 41. h4
Ng4 42. Nb3 Qxa3 43. Qd5 Qd6 44. Qxd6 Bxd6 45. Nxa5 d2 46. Nb3 Nf2+ 47. Kg1
d1=Q+ 48. Rxd1 Nxd1 0-1

[Event "Let's Play Chess!"]
[Site "http://www.queenalice.com/game.php?id=415900"]
[Date "2008.6.11"]
[Round "-"]
[White "Tiia"]
[Black "alidivetro"]
[Result "0-1"]
[WhiteElo "1855"]
[BlackElo "1679"]

1. d4 d5 2. c4 c6 3. Nf3 Nf6 4. Nc3 Bg4 5. e3 e6 6. Be2 Bb4 7. O-O O-O 8. cxd5
cxd5 9. Bd2 a6 10. Rc1 Qd6 11. Ne5 Bxe2 12. Nxe2 Bxd2 13. Qxd2 Nc6 14. Nxc6 bxc6
15. h3 Rfc8 16. Rc2 a5 17. a3 Ne4 18. Qd3 c5 19. dxc5 Rxc5 20. f3 Rxc2 21. Qxc2
Nf6 22. Kf2 Qb6 23. Rc1 h6 24. Nd4 Rb8 25. b3 e5 26. Nc6 Rb7 27. Nxe5 Qxb3 28.
Qc8+ Kh7 29. Qf5+ g6 30. Nxg6 Qb2+ 31. Rc2 fxg6 32. Qc8 Qb6 33. g4 d4 34. exd4
Qxd4+ 35. Kg2 Rd7 36. Qb8 Ne4 37. Qf4 Nf6 38. Qc1 a4 39. g5 Nh5 40. gxh6 Nf4+
41. Kh2 Nh5 42. Kg2 Nf4+ 43. Kh2 Qd3 44. Kg3 Ne2+ 0-1

[Event "Let's Play Chess!"]
[Site "http://www.queenalice.com/game.php?id=415902"]
[Date "2008.6.11"]
[Round "-"]
[White "Lightningzap007"]
[Black "Tiia"]
[Result "0-1"]
[WhiteElo "1957"]
[BlackElo "1817"]

1. e4 e5 2. Bc4 Nf6 3. Nf3 Nc6 4. d4 exd4 5. O-O Be7 6. Re1 O-O 7. e5 Ne8 8.
Nxd4 Na5 9. Bd3 c5 10. Nf5 Kh8 11. Re3 g6 12. Rh3 d6 13. exd6 Nxd6 0-1

[Event "Open 10"]
[Site "http://www.queenalice.com/game.php?id=416338"]
[Date "2008.6.12"]
[Round "-"]
[White "Tiia"]
[Black "scott2770"]
[Result "1-0"]
[WhiteElo "1897"]
[BlackElo "1877"]

1. d4 Nf6 2. c4 g6 3. Nc3 Bg7 4. e4 d6 5. h3 O-O 6. Nf3 c5 7. Be3 cxd4 8. Nxd4
Nc6 9. Nxc6 bxc6 10. Bd3 Rb8 11. Rb1 Qc7 12. O-O e5 13. Qc2 Be6 14. Ne2 Qa5 15.
b3 Nd7 16. Bd2 Qc7 17. b4 Rfd8 18. a4 Rdc8 19. Be3 Bf8 20. Rb2 Nf6 21. Rfb1 Qd7
22. Nc3 Rc7 23. c5 d5 24. exd5 Nxd5 25. Nxd5 Bxd5 26. Bc4 Rcb7 27. Qc3 Bxc4 28.
Qxc4 Qc7 29. b5 cxb5 30. Rxb5 Qc6 31. Rxb7 Rxb7 32. Rxb7 Qxb7 33. c6 Qc7 34. Qa6
Bd6 35. Qb7 Qxb7 36. cxb7 a6 37. Ba7 f5 38. b8=Q+ Bxb8 39. Bxb8 e4 40. Kf1 Kf7
41. Ke2 Ke6 42. Ba7 h5 43. Kd2 g5 44. Kc3 Kd6 45. Kc4 Kc6 46. Bd4 g4 47. Be3 h4
48. hxg4 fxg4 49. Kd4 h3 50. gxh3 gxh3 51. Bf4 e3 52. fxe3 h2 53. Bxh2 Kb6 54.
e4 Kc6 55. e5 Kd7 56. Kd5 Ke7 57. e6 a5 58. Bc7 Kf8 59. Bxa5 Ke7 60. Bc7 1-0

[Event "Open 11"]
[Site "http://www.queenalice.com/game.php?id=416379"]
[Date "2008.6.12"]
[Round "-"]
[White "scott2770"]
[Black "Tiia"]
[Result "0-1"]
[WhiteElo "1828"]
[BlackElo "1913"]

1. d4 d5 2. c4 c6 3. Nf3 e6 4. Nc3 dxc4 5. e4 b5 6. a4 Bd7 7. Qc2 Bb4 8. Bd2
Bxc3 9. Bxc3 Ne7 10. Be2 O-O 11. O-O Ng6 12. Rad1 Qc7 13. Rfe1 Re8 14. e5 Qd8
15. Nd2 Nf4 16. Ne4 Nxe2+ 17. Rxe2 f5 18. Nd6 Rf8 19. Bb4 Qe7 20. axb5 cxb5 21.
Qc3 Qg5 22. Nxb5 Rc8 23. Nd6 Bc6 24. f3 Rc7 25. Nxc4 Bd5 26. b3 a5 27. Bxa5 Rc6
28. Bb4 Na6 29. Bd6 Rac8 30. Qe3 Qxe3+ 31. Nxe3 Bxb3 32. Rde1 Rc1 33. Rxc1 Rxc1+
34. Kf2 f4 35. Ng4 h5 36. Ne3 fxe3+ 37. Rxe3 Bc4 38. f4 Rc2+ 39. Kg3 Rd2 40. Bc5
Bd5 41. Ra3 Rxg2+ 42. Kh3 Ra2 43. Rxa2 Bxa2 44. Kh4 g6 45. Kg5 Kf7 46. Kh4 Nxc5
47. dxc5 Bb1 48. Kg3 Be4 49. Kf2 Ke7 50. Ke3 Bd5 51. Kf2 Kd7 52. Kg3 Kc6 53. Kh4
Kxc5 54. Kg5 Be4 55. Kh4 Kd4 56. Kg5 Bf5 57. Kh4 Ke3 58. Kg3 h4+ 59. Kxh4 Kxf4
60. h3 Kxe5 61. Kg3 g5 62. h4 gxh4+ 63. Kxh4 Kf4 64. Kh5 e5 65. Kh4 e4 66. Kh5
e3 67. Kh6 e2 68. Kg7 e1=Q 69. Kf7 Qe5 70. Kf8 Bg6 71. Kg8 Qe7 0-1